000 01520cam a22003615a 4500
001 16021749
005 20150614141915.0
008 091214t2010 cauo fr 001 0 eng d
020 _a9780321660336
020 _a0321660331
040 _aBTCTA
_beng
_cBTCTA
_dZGX
_dEINCP
_dBWX
_dYDXCP
_dTEF
_dEG-ScBUE
082 0 4 _a006.686
_222
_bKEL
100 1 _aKelby, Scott.
_938156
245 1 4 _aThe Photoshop® Elements 8 book for digital photographers /
_cScott Kelby, Matt Kloskowski.
260 _a[Berkeley] :
_bNew Riders,
_cc.2010.
300 _axv, 473 p. :
_bphotographs ;
_c26 cm.
490 0 _aVoices that matter
500 _aIndex : p. 464-473.
520 _a"Gives you the inside tips and tricks of the trade for organizing, correcting, editing, sharpening, retouching, and presenting your photos like a pro. You'll be absolutely amazed at how easy and effective these techniques are--once you know the secrets..."--p.[4] of cover.
521 8 _a"User level : intermediate-advanced."
630 0 0 _aAdobe Photoshop elements.
630 0 0 _aAdobe Photoshop elements
_vHandbooks, manuals, etc.
630 0 0 _aAdobe Camera Raw.
650 0 _aPhotography
_xDigital techniques.
_2BUEsh
_937027
650 0 _aImage processing
_xDigital techniques.
_2BUEsh
650 0 _aComputer graphics.
_2BUEsh
650 0 _aRaw file formats (Digital photography)
_2BUEsh
651 _2BUEsh
653 _bCOMAME
_bCOMSCI
_cJune2015
655 _vreading book
_934232
700 1 _aKloskowski, Matt.
942 _2ddc
_k006.686 KEL
999 _c19583
_d19555